World Capitals Closest to Oslo - Statistics

General Stats
  • This quiz has been taken 179 times
  • The average score is 16 of 20
Answer Stats
km capital miles % Correct
418 Stockholm 260
97%
840 Berlin 522
95%
484 Copenhagen 301
95%
788 Helsinki 490
95%
1155 London 718
93%
1342 Paris 834
93%
914 Amsterdam 568
90%
1086 Brussels 675
90%
788 Tallinn 490
88%
1064 Warsaw 661
88%
844 Riga 525
86%
1266 Dublin 787
85%
1120 Prague 696
81%
1047 Vilnius 651
81%
1352 Vienna 840
78%
1184 Luxembourg 735
77%
1220 Minsk 758
74%
1375 Bratislava 854
70%
1424 Vaduz 885
59%
971 T{órshavn} 604
30%
No matching quizzes found
Score Distribution
Percent of People with Each Score
Percentile by Number Answered
Your Score History
You have not taken this quiz